[Event "Kingston-B 2nd"]
[Site "Kingston Upon Thames"]
[Date "2023.07.28"]
[Round "9"]
[White "Makepeace, Philip"]
[Black "Johnson, Daniel"]
[Result "1/2-1/2"]
[WhiteElo "2055"]
[BlackElo "2224"]
[PlyCount "47"]
[EventDate "2023.07.24"]
[EventType "tourn"]
[EventRounds "9"]
[EventCountry "ENG"]
[SourceTitle "CBM 215 Extra"]
[Source "ChessBase"]
[SourceDate "2023.09.30"]
[SourceVersion "1"]
[SourceVersionDate "2023.09.30"]
[SourceQuality "1"]

1. e4 e5 2. Nf3 Nc6 3. d4 exd4 4. Nxd4 Nf6 5. Nc3 Bb4 6. Nxc6 bxc6 7. Bd3 0-0 8. 0-0 d5 9. exd5 Bg4 10. f3 Bh5 11. Bg5 cxd5 12. Bxf6 Qxf6 13. Nxd5 Bc5+ 14. Kh1 Qxb2 15. Rb1 Qe5 16. f4 Bxd1 17. fxe5 Bg4 18. Rf4 Be6 19. Nxc7 Rab8 20. Rxb8 Rxb8 21. Nxe6 Rb1+ 22. Rf1 Rxf1+ 23. Bxf1 fxe6 24. g3 1/2-1/2

[Event "Kingston-B 2nd"]
[Site "Kingston Upon Thames"]
[Date "2023.07.27"]
[Round "7"]
[White "Makepeace, Philip"]
[Black "Hill, Alistair"]
[Result "1/2-1/2"]
[WhiteElo "2055"]
[BlackElo "2173"]
[PlyCount "45"]
[EventDate "2023.07.24"]
[EventType "tourn"]
[EventRounds "9"]
[EventCountry "ENG"]
[SourceTitle "CBM 215 Extra"]
[Source "ChessBase"]
[SourceDate "2023.09.30"]
[SourceVersion "1"]
[SourceVersionDate "2023.09.30"]
[SourceQuality "1"]

1. e4 c6 2. d4 d5 3. Nc3 dxe4 4. Nxe4 Bf5 5. Ng3 Bg6 6. Bc4 e6 7. N1e2 Bd6 8. Nf4 Bxf4 9. Bxf4 Nf6 10. 0-0 0-0 11. c3 Nbd7 12. Re1 Qb6 13. Qe2 Rfe8 14. a4 a5 15. Ra3 Rac8 16. b4 axb4 17. Rb3 Qa7 18. Rxb4 Nb6 19. Be5 Nfd5 20. Bxd5 exd5 21. Qd1 f6 22. Bf4 Qa6 23. h4 1/2-1/2

[Event "Kingston-B 2nd"]
[Site "Kingston Upon Thames"]
[Date "2023.07.24"]
[Round "1"]
[White "Bergsson, Stefan"]
[Black "Makepeace, Philip"]
[Result "1-0"]
[WhiteElo "2169"]
[BlackElo "2055"]
[PlyCount "113"]
[EventDate "2023.07.24"]
[EventType "tourn"]
[EventRounds "9"]
[EventCountry "ENG"]
[SourceTitle "CBM 215 Extra"]
[Source "ChessBase"]
[SourceDate "2023.09.30"]
[SourceVersion "1"]
[SourceVersionDate "2023.09.30"]
[SourceQuality "1"]

1. d4 Nf6 2. c4 e6 3. Nf3 c5 4. d5 b5 5. dxe6 fxe6 6. cxb5 a6 7. bxa6 Bxa6 8. g3 Be7 9. Bg2 Nc6 10. 0-0 0-0 11. Re1 Qb6 12. Nc3 Rad8 13. Qc2 d5 14. Ng5 Nd4 15. Qb1 h6 16. Nf3 Nxf3+ 17. exf3 d4 18. Nd1 Nd5 19. Bxh6 Bf6 20. Bh3 Rfe8 21. Qg6 Bc8 22. Bg5 Bxg5 23. Qxg5 Nb4 24. Qg6 Qc6 25. Re4 e5 26. Qxc6 Nxc6 27. Bxc8 Rxc8 28. b3 Nb4 29. Nb2 Ra8 30. a3 d3 31. Na4 Nc2 32. Rd1 Rad8 33. Nxc5 d2 34. a4 Rd5 35. b4 Rb8 36. Nb3 Nxb4 37. Rxd2 Nd3 38. Nc1 Rb1 39. Rc4 Kf7 40. Rdc2 Ne1 41. Rc7+ Kg8 42. R2c3 Rd1 43. Kf1 Rb2 44. a5 Nd3+ 45. Kg2 Rxf2+ 46. Kh3 Nxc1 47. Rxc1 Rxc1 48. Rxc1 Rxf3 49. Ra1 Rf7 50. a6 Ra7 51. Kg4 g6 52. Kf3 Kf7 53. h4 Ke7 54. Ke4 Ke6 55. g4 Kf6 56. Ra5 g5 57. h5 1-0

[Event "BCF-chTb 1920 (4NCL)"]
[Site "Daventry"]
[Date "2020.01.11"]
[Round "3.75"]
[White "Bremner, Adam"]
[Black "Makepeace, Philip"]
[Result "1-0"]
[WhiteElo "2148"]
[BlackElo "2076"]
[PlyCount "87"]
[EventDate "2019.11.09"]
[EventType "team-tourn"]
[EventRounds "11"]
[EventCountry "ENG"]
[SourceTitle "CBM 194 Extra"]
[Source "ChessBase"]
[SourceDate "2020.03.31"]
[SourceVersion "1"]
[SourceVersionDate "2020.03.31"]
[SourceQuality "1"]
[WhiteTeam "Grantham Sharks"]
[BlackTeam "Barbican II"]
[WhiteTeamCountry "ENG"]
[BlackTeamCountry "ENG"]

1. c4 c5 2. Nf3 Nf6 3. d4 cxd4 4. Nxd4 g6 5. Nc3 Bg7 6. e4 d6 7. Be2 Nc6 8. Be3 Bd7 9. 0-0 0-0 10. Rc1 Nxd4 11. Bxd4 Bc6 12. Bf3 Qa5 13. Qd2 Nd7 14. Rfd1 Bxd4 15. Qxd4 Qg5 16. b4 Ne5 17. Be2 Rfc8 18. g3 Ng4 19. h4 Qh5 20. e5 Bd7 21. Nd5 Re8 22. e6 Bxe6 23. Nf4 Qf5 24. Nxe6 Qxf2+ 25. Qxf2 Nxf2 26. Kxf2 fxe6 27. Bf3 Rf8 28. Kg2 Rf6 29. Rf1 Rb8 30. c5 d5 31. Rce1 Kf7 32. Bg4 Rd8 33. Rxf6+ Kxf6 34. Rxe6+ Kf7 35. Re2 h5 36. Rf2+ Kg7 37. Be6 d4 38. Kf1 d3 39. Ke1 Rd4 40. Rf4 d2+ 41. Kd1 Rd3 42. Rf7+ Kh8 43. Rxe7 Rxg3 44. Rxb7 1-0

[Event "BCF-chT2b 1819 (4NCL)"]
[Site "England"]
[Date "2019.02.09"]
[Round "5.56"]
[White "Robertson, J Stuart"]
[Black "Makepeace, Philip"]
[Result "1-0"]
[WhiteElo "2130"]
[BlackElo "2056"]
[PlyCount "53"]
[EventDate "2018.11.10"]
[EventType "team-tourn"]
[EventRounds "11"]
[EventCountry "ENG"]
[SourceTitle "EXT 2021"]
[Source "ChessBase"]
[SourceDate "2020.10.23"]
[SourceVersion "1"]
[SourceVersionDate "2020.10.23"]
[SourceQuality "1"]
[WhiteTeam "Cambridge University"]
[BlackTeam "Barbican II"]
[WhiteTeamCountry "ENG"]
[BlackTeamCountry "ENG"]

1. d4 c5 2. d5 f5 3. e4 fxe4 4. Nc3 Nf6 5. g4 h6 6. h3 d6 7. Nge2 e5 8. Ng3 Be7 9. Bg2 0-0 10. Be3 b5 11. Qd2 b4 12. Ncxe4 Nxe4 13. Bxe4 Bh4 14. Nf5 Qf6 15. 0-0-0 a5 16. Rdg1 Ra7 17. g5 Bxg5 18. Bxg5 hxg5 19. Rxg5 Bxf5 20. Bxf5 Re8 21. Rhg1 a4 22. Be6+ Rxe6 23. dxe6 Qxe6 24. Rg6 b3 25. Rxe6 bxa2 26. Re8+ Kf7 27. Qd5+ 1-0

[Event "BCF-chT2b 1819 (4NCL)"]
[Site "England"]
[Date "2019.01.12"]
[Round "3.56"]
[White "Makepeace, Philip"]
[Black "Granat, Russell"]
[Result "0-1"]
[WhiteElo "2056"]
[BlackElo "2196"]
[PlyCount "112"]
[EventDate "2018.11.10"]
[EventType "team-tourn"]
[EventRounds "11"]
[EventCountry "ENG"]
[SourceTitle "EXT 2021"]
[Source "ChessBase"]
[SourceDate "2020.10.23"]
[SourceVersion "1"]
[SourceVersionDate "2020.10.23"]
[SourceQuality "1"]
[WhiteTeam "Barbican II"]
[BlackTeam "Guildford III"]
[WhiteTeamCountry "ENG"]
[BlackTeamCountry "ENG"]

1. e4 Nc6 2. d4 e5 3. Nf3 exd4 4. Nxd4 Bc5 5. Be3 Nxd4 6. Bxd4 Bxd4 7. Qxd4 Qf6 8. c3 d6 9. Na3 a6 10. 0-0-0 Qxd4 11. cxd4 Ne7 12. Kb1 Bd7 13. Be2 0-0-0 14. f4 f5 15. e5 Bc6 16. Nc2 Bxg2 17. Rhg1 Be4 18. Rxg7 Nd5 19. Bd3 Bxd3 20. Rxd3 Nxf4 21. Rc3 Nd5 22. Rf3 f4 23. a3 dxe5 24. dxe5 Rdg8 25. Rxg8+ Rxg8 26. Nb4 Nxb4 27. axb4 Re8 28. Rxf4 Rxe5 29. Ka2 b6 30. Rf3 h5 31. Kb3 Re4 32. Rd3 Rh4 33. Rd2 Kb7 34. Rc2 Rf4 35. Ka3 Rf3+ 36. b3 Rd3 37. Rc4 c6 38. Rh4 Rd5 39. Re4 b5 40. Re7+ Kb6 41. Rh7 a5 42. bxa5+ Kxa5 43. b4+ Kb6 44. h4 Rd3+ 45. Ka2 Rd4 46. Rxh5 Rxb4 47. Rh8 c5 48. h5 Rh4 49. h6 Rh3 50. h7 Kb7 51. Kb2 b4 52. Kc1 c4 53. Kd2 b3 54. Rd8 c3+ 55. Ke2 b2 56. Rd3 Rh2+ 0-1

[Event "London Classic U2050 op 10th"]
[Site "London"]
[Date "2018.12.16"]
[Round "5"]
[White "Makepeace, Philip"]
[Black "Watson, Mikey J"]
[Result "1-0"]
[WhiteElo "2060"]
[BlackElo "1900"]
[PlyCount "41"]
[EventDate "2018.12.14"]
[EventType "swiss"]
[EventRounds "5"]
[EventCountry "ENG"]
[SourceTitle "CBM 187 Extra"]
[Source "ChessBase"]
[SourceDate "2018.11.04"]
[SourceVersion "1"]
[SourceVersionDate "2018.11.04"]
[SourceQuality "1"]

1. e4 d5 2. exd5 Nf6 3. d4 Nxd5 4. c4 Nf6 5. h3 e6 6. Nf3 b6 7. Be2 Be7 8. 0-0 Bb7 9. Nc3 0-0 10. Bf4 Bd6 11. Ne5 c5 12. Nb5 Bxe5 13. dxe5 Nfd7 14. Bf3 Nc6 15. Qd6 Qc8 16. Rfd1 Ndb8 17. Bg5 a6 18. Nc3 Nd4 19. Bxb7 Qxb7 20. b4 Nf5 21. Qxf8+ 1-0

[Event "London Classic U2050 op 10th"]
[Site "London"]
[Date "2018.12.15"]
[Round "2"]
[White "Horton, Andrew P"]
[Black "Makepeace, Philip"]
[Result "1-0"]
[WhiteElo "2397"]
[BlackElo "2060"]
[PlyCount "109"]
[EventDate "2018.12.14"]
[EventType "swiss"]
[EventRounds "5"]
[EventCountry "ENG"]
[SourceTitle "CBM 187 Extra"]
[Source "ChessBase"]
[SourceDate "2018.11.04"]
[SourceVersion "1"]
[SourceVersionDate "2018.11.04"]
[SourceQuality "1"]

1. Nf3 Nf6 2. c4 e6 3. g3 d5 4. Bg2 Be7 5. 0-0 0-0 6. b3 c5 7. cxd5 Nxd5 8. Bb2 Nc6 9. Nc3 b6 10. Nxd5 exd5 11. d4 Bb7 12. Rc1 Re8 13. Qd2 a5 14. Rfd1 a4 15. Bc3 axb3 16. axb3 Na5 17. Rb1 c4 18. bxc4 Nxc4 19. Qe1 Bd6 20. e3 h6 21. Bb4 Ra2 22. Qc3 Qf6 23. Bxd6 Qxd6 24. Ne5 Qf6 25. Nd3 Rea8 26. Qe1 Qf5 27. Nb4 Rb2 28. Rxb2 Nxb2 29. Rb1 Nc4 30. Rc1 Nd6 31. Qd1 Rc8 32. Rxc8+ Nxc8 33. h3 Nd6 34. g4 Qe6 35. Qa4 b5 36. Qa7 Kh7 37. Qc5 Nc4 38. Qxb5 Nb6 39. Nd3 Ba8 40. Nf4 Qc6 41. Qb1+ g6 42. h4 Kg7 43. Bf3 Qd6 44. h5 g5 45. Ne2 Nc4 46. Ng3 Qb6 47. Nf5+ Kh7 48. Qd3 Qa6 49. Ne7+ Kg7 50. Nf5+ Kf8 51. Qb3 Bb7 52. Qb4+ Kg8 53. Qe7 Qc6 54. Qd8+ Kh7 55. Ne7 1-0

[Event "London Classic U2050 op 10th"]
[Site "London"]
[Date "2018.12.14"]
[Round "1"]
[White "Makepeace, Philip"]
[Black "Tivillier, Jacques"]
[Result "1-0"]
[WhiteElo "2060"]
[BlackElo "1778"]
[PlyCount "91"]
[EventDate "2018.12.14"]
[EventType "swiss"]
[EventRounds "5"]
[EventCountry "ENG"]
[SourceTitle "CBM 187 Extra"]
[Source "ChessBase"]
[SourceDate "2018.11.04"]
[SourceVersion "1"]
[SourceVersionDate "2018.11.04"]
[SourceQuality "1"]

1. e4 c5 2. Nf3 a6 3. g3 e6 4. c4 d6 5. Bg2 Nc6 6. 0-0 Nf6 7. Nc3 Be7 8. d4 cxd4 9. Nxd4 Bd7 10. Nc2 0-0 11. Ne3 Rb8 12. a4 Qc7 13. b3 Na5 14. Bd2 Nc6 15. Rb1 Nd4 16. Bc1 e5 17. Ned5 Qd8 18. Be3 Nxd5 19. Nxd5 b5 20. axb5 axb5 21. Bxd4 exd4 22. Nxe7+ Qxe7 23. Qxd4 bxc4 24. bxc4 Be6 25. Rxb8 Rxb8 26. Rd1 h6 27. Bf1 Rc8 28. f4 Bg4 29. Qxd6 Qxe4 30. Qd8+ Qe8 31. Qxe8+ Rxe8 32. Rc1 Kf8 33. Kf2 g6 34. c5 Ke7 35. Re1+ Be6 36. Bc4 Rc8 37. Bxe6 fxe6 38. Rc1 Rd8 39. Ke3 Rd5 40. c6 Kd8 41. c7+ Kc8 42. Rc6 g5 43. Rxe6 gxf4+ 44. Kxf4 Rh5 45. h4 Kxc7 46. Re5 1-0

[Event "BCF-chT2a 1718 (4NCL)"]
[Site "England"]
[Date "2018.01.13"]
[Round "3.34"]
[White "Cumming, Rhys"]
[Black "Makepeace, Philip"]
[Result "1-0"]
[WhiteElo "2155"]
[BlackElo "2077"]
[PlyCount "115"]
[EventDate "2017.11.11"]
[EventType "team-tourn"]
[EventRounds "7"]
[EventCountry "ENG"]
[SourceTitle "EXT 2020"]
[Source "ChessBase"]
[SourceDate "2019.10.17"]
[SourceVersion "1"]
[SourceVersionDate "2019.10.17"]
[SourceQuality "1"]
[WhiteTeam "Sussex Martlets"]
[BlackTeam "Barbican Youth"]
[WhiteTeamCountry "ENG"]
[BlackTeamCountry "ENG"]

1. e4 c6 2. d4 d5 3. Nd2 dxe4 4. Nxe4 Bf5 5. Ng3 Bg6 6. h4 h6 7. Nf3 Nd7 8. h5 Bh7 9. Bd3 Bxd3 10. Qxd3 Ngf6 11. Bd2 Qc7 12. 0-0-0 e6 13. Ne4 Nxe4 14. Qxe4 0-0-0 15. g3 Nf6 16. Qe2 Bd6 17. Kb1 Rhe8 18. c4 Qe7 19. Ne5 c5 20. Ba5 Bc7 21. Bxc7 Qxc7 22. dxc5 Rxd1+ 23. Rxd1 Rd8 24. Rxd8+ Kxd8 25. b4 Ke7 26. Kc1 Kf8 27. g4 a5 28. a3 axb4 29. axb4 Qb8 30. f3 Kg8 31. Qe3 Qe8 32. Kb2 Nd7 33. b5 Nxe5 34. Qxe5 Qd8 35. Qd6 Qf6+ 36. Kc2 Qa1 37. Qd8+ Kh7 38. Qd3+ Kg8 39. Qd8+ Kh7 40. Qd3+ Kg8 41. Kb3 Qg1 42. Qd8+ Kh7 43. Qd3+ Kg8 44. Kb4 Qf2 45. c6 bxc6 46. Qd8+ Kh7 47. bxc6 Qb2+ 48. Kc5 Qa3+ 49. Kb6 Qb4+ 50. Ka7 Qxc4 51. c7 Qa4+ 52. Kb6 Qb3+ 53. Kc5 Qa3+ 54. Kc6 Qa4+ 55. Kd6 Qb4+ 56. Kd7 Qb5+ 57. Ke7 Qb4+ 58. Ke8 1-0

[Event "BCF-chT2a 1617 (4NCL)"]
[Site "England"]
[Date "2017.02.12"]
[Round "6.23"]
[White "Makepeace, Philip"]
[Black "Varnam, Liam"]
[Result "1/2-1/2"]
[WhiteElo "2073"]
[BlackElo "2104"]
[PlyCount "57"]
[EventDate "2016.11.19"]
[EventType "team-tourn"]
[EventRounds "11"]
[EventCountry "ENG"]
[SourceTitle "EXT 2019"]
[Source "ChessBase"]
[SourceDate "2018.10.10"]
[SourceVersion "1"]
[SourceVersionDate "2018.10.10"]
[SourceQuality "1"]
[WhiteTeam "Downend & Fishponds"]
[BlackTeam "Grantham Sharks II"]
[WhiteTeamCountry "ENG"]
[BlackTeamCountry "ENG"]

1. Nf3 Nf6 2. c4 c5 3. Nc3 g6 4. e3 Bg7 5. d4 cxd4 6. exd4 0-0 7. Be2 d6 8. 0-0 a6 9. h3 Nbd7 10. Be3 Qc7 11. Qd2 Rd8 12. Rac1 b6 13. b4 Bb7 14. d5 Rac8 15. Na4 e5 16. Rfd1 Ne4 17. Qd3 f5 18. Ne1 Re8 19. f3 Ng3 20. c5 bxc5 21. bxc5 e4 22. fxe4 fxe4 23. Qd2 dxc5 24. Bg4 Nf5 25. Bxf5 gxf5 26. d6 Qc6 27. Nxc5 Nxc5 28. Rxc5 Qd7 29. Rdc1 1/2-1/2

[Event "London Classic op 8th"]
[Site "London"]
[Date "2016.12.16"]
[Round "9"]
[White "Makepeace, Philip"]
[Black "Siddharth, Gopakumar"]
[Result "1-0"]
[WhiteElo "2077"]
[BlackElo "1822"]
[PlyCount "65"]
[EventDate "2016.12.09"]
[EventType "swiss"]
[EventRounds "9"]
[EventCountry "ENG"]
[SourceTitle "CBM 176 Extra"]
[Source "ChessBase"]
[SourceDate "2017.03.02"]
[SourceVersion "1"]
[SourceVersionDate "2017.03.02"]
[SourceQuality "1"]

1. e4 c5 2. Nf3 Nc6 3. d4 cxd4 4. Nxd4 Nf6 5. Nc3 e5 6. Ndb5 d6 7. Nd5 Nxd5 8. exd5 Nb8 9. c4 a6 10. Nc3 Be7 11. Bd3 0-0 12. 0-0 f5 13. Kh1 Nd7 14. f3 Bg5 15. b4 Bxc1 16. Rxc1 Qh4 17. Qe1 Qxe1 18. Rfxe1 b6 19. Na4 b5 20. cxb5 axb5 21. Bxb5 Rb8 22. Nc3 Nb6 23. a4 Bb7 24. Bc6 Rfc8 25. b5 Nc4 26. Ra1 Na5 27. Reb1 Bxc6 28. dxc6 Nxc6 29. bxc6 Rxb1+ 30. Rxb1 Rxc6 31. Nd5 Ra6 32. Ra1 Kf7 33. a5 1-0

[Event "London Classic op 8th"]
[Site "London"]
[Date "2016.12.10"]
[Round "3"]
[White "Makepeace, Philip"]
[Black "Lercel, Michal"]
[Result "1/2-1/2"]
[WhiteElo "2077"]
[BlackElo "2266"]
[PlyCount "109"]
[EventDate "2016.12.09"]
[EventType "swiss"]
[EventRounds "9"]
[EventCountry "ENG"]
[SourceTitle "CBM 176 Extra"]
[Source "ChessBase"]
[SourceDate "2017.03.02"]
[SourceVersion "1"]
[SourceVersionDate "2017.03.02"]
[SourceQuality "1"]

1. d4 Nf6 2. Nf3 g6 3. c4 Bg7 4. Nc3 d6 5. g3 0-0 6. Bg2 a6 7. 0-0 Nc6 8. b3 Rb8 9. Bb2 b5 10. cxb5 axb5 11. Re1 b4 12. Na4 Bd7 13. Rc1 Na5 14. Nd2 Bxa4 15. bxa4 Nd7 16. Nb3 c5 17. Ba1 Qb6 18. dxc5 Nxc5 19. Bxg7 Kxg7 20. Qd4+ e5 21. Qd5 Nab7 22. Qc6 Qxc6 23. Bxc6 Rfc8 24. Bxb7 Nxb7 25. Red1 Kf6 26. a5 Ke6 27. e4 Nc5 28. f3 Ra8 29. Rd5 Nxb3 30. Rxc8 Rxc8 31. axb3 Rc1+ 32. Kg2 Rc2+ 33. Kh3 Rb2 34. a6 Ra2 35. Rb5 Rxa6 36. Rxb4 Ra2 37. g4 f5 38. Rb7 fxe4 39. fxe4 Re2 40. Rb4 h5 41. Kg3 Kf6 42. Rb6 h4+ 43. Kf3 Rxh2 44. Rxd6+ Kg5 45. Rb6 Rh3+ 46. Kg2 Rg3+ 47. Kh2 Re3 48. b4 Rxe4 49. b5 Rb4 50. Rb8 Kf4 51. b6 Ke3 52. b7 e4 53. Kh3 Ke2 54. Re8 Rxb7 55. Rxe4+ 1/2-1/2

[Event "London Classic op 8th"]
[Site "London"]
[Date "2016.12.09"]
[Round "1"]
[White "Makepeace, Philip"]
[Black "Handke, Florian"]
[Result "0-1"]
[WhiteElo "2077"]
[BlackElo "2515"]
[PlyCount "54"]
[EventDate "2016.12.09"]
[EventType "swiss"]
[EventRounds "9"]
[EventCountry "ENG"]
[SourceTitle "CBM 176 Extra"]
[Source "ChessBase"]
[SourceDate "2017.03.02"]
[SourceVersion "1"]
[SourceVersionDate "2017.03.02"]
[SourceQuality "1"]

1. d4 Nf6 2. Nf3 g6 3. c4 Bg7 4. Nc3 d5 5. e3 0-0 6. Bd3 c5 7. h3 cxd4 8. exd4 dxc4 9. Bxc4 Nfd7 10. 0-0 Nb6 11. Bb3 Nc6 12. Be3 Na5 13. Bc2 Nac4 14. Bc1 Bd7 15. Re1 Rc8 16. a4 Nd6 17. Ne5 Be6 18. Bb3 Bxb3 19. Qxb3 Nf5 20. d5 Rc5 21. Qb4 Qc8 22. Nc6 Rxc3 23. bxc3 Nxd5 24. Qb3 Qxc6 25. Bd2 Nxc3 26. Kh1 Nh4 27. f3 Nxf3 0-1

[Event "BCF-chT2a 1617 (4NCL)"]
[Site "England"]
[Date "2016.11.20"]
[Round "2.13"]
[White "Makepeace, Philip"]
[Black "Moss, Guy"]
[Result "0-1"]
[WhiteElo "2073"]
[BlackElo "2052"]
[PlyCount "124"]
[EventDate "2016.11.19"]
[EventType "team-tourn"]
[EventRounds "11"]
[EventCountry "ENG"]
[SourceTitle "EXT 2019"]
[Source "ChessBase"]
[SourceDate "2018.10.10"]
[SourceVersion "1"]
[SourceVersionDate "2018.10.10"]
[SourceQuality "1"]
[WhiteTeam "Downend & Fishponds"]
[BlackTeam "Barbican Youth"]
[WhiteTeamCountry "ENG"]
[BlackTeamCountry "ENG"]

1. e4 c5 2. Nf3 d6 3. Bb5+ Bd7 4. Bxd7+ Qxd7 5. c4 Nc6 6. Nc3 Nf6 7. h3 g6 8. 0-0 Bg7 9. d3 0-0 10. Be3 a6 11. Qd2 Rfb8 12. a4 e6 13. a5 Qc7 14. Bf4 Nd7 15. Nd1 b6 16. axb6 Rxb6 17. Nc3 Nde5 18. Nxe5 Nxe5 19. Bxe5 Bxe5 20. Rfb1 Qb7 21. Nd1 Rb3 22. Ra2 Bd4 23. Rba1 f5 24. exf5 gxf5 25. Qe2 Kh8 26. Qxe6 Rg8 27. Qd5 Qg7 28. Ra3 Rb7 29. Rxa6 Re7 30. Nc3 Bxf2+ 31. Kxf2 Qg3+ 32. Kg1 Re5 33. Ra8 Rxd5 34. Rxg8+ Kxg8 35. Nxd5 Qxd3 36. Ra8+ Kg7 37. Ra7+ Kh6 38. Ne7 Kg5 39. h4+ Kxh4 40. Kh2 Qg3+ 41. Kh1 Qe1+ 42. Kh2 Qe5+ 43. Kh1 Kg3 44. Ra3+ Kg4 45. Ra7 Qxb2 46. Kh2 f4 47. Ra8 Qe5 48. Rg8+ Kh5 49. Nd5 f3+ 50. Kh3 Qe6+ 51. g4+ Kh6 52. Rf8 Qe2 53. Nf4 Qxc4 54. Rf6+ Kg7 55. Nh5+ Kg8 56. Rxf3 Qe2 57. Kg3 c4 58. Nf6+ Kf7 59. Nd5+ Kg7 60. Nf4 c3 61. Nh5+ Kg8 62. Nf6+ Kh8 0-1

[Event "BCF-chT2b 1516 (4NCL)"]
[Site "England"]
[Date "2015.11.15"]
[Round "2.254"]
[White "Wheeler, Darren"]
[Black "Makepeace, Philip"]
[Result "1/2-1/2"]
[WhiteElo "2215"]
[BlackElo "2091"]
[PlyCount "54"]
[EventDate "2015.11.14"]
[EventType "team-tourn"]
[EventRounds "7"]
[EventCountry "ENG"]
[SourceTitle "CBM 169 Extra"]
[Source "ChessBase"]
[SourceDate "2015.12.18"]
[SourceVersion "1"]
[SourceVersionDate "2015.12.18"]
[SourceQuality "1"]
[WhiteTeam "The ADS"]
[BlackTeam "Downend & Fishponds"]
[WhiteTeamCountry "ENG"]
[BlackTeamCountry "ENG"]

1. e4 c6 2. d4 d5 3. exd5 cxd5 4. c4 Nf6 5. Nc3 e6 6. Nf3 Bb4 7. cxd5 Nxd5 8. Bd2 Be7 9. Qb3 Nc6 10. Bb5 0-0 11. Nxd5 exd5 12. 0-0 Qb6 13. Rfe1 Be6 14. Qd3 Rac8 15. Ba4 g6 16. Bxc6 Rxc6 17. Ne5 Rc7 18. Bc3 Bb4 19. Bxb4 Qxb4 20. a3 Qxb2 21. Reb1 Qc3 22. Qxc3 Rxc3 23. Rxb7 Rfc8 24. h3 R8c7 25. Rb5 Kg7 26. Kh2 h5 27. Ra2 Kf6 1/2-1/2

[Event "BCF-chT2b 1516 (4NCL)"]
[Site "England"]
[Date "2015.11.14"]
[Round "1.18"]
[White "Makepeace, Philip"]
[Black "Dargan, Paul AG"]
[Result "0-1"]
[WhiteElo "2091"]
[BlackElo "2140"]
[PlyCount "66"]
[EventDate "2015.11.14"]
[EventType "team-tourn"]
[EventRounds "7"]
[EventCountry "ENG"]
[SourceTitle "CBM 169 Extra"]
[Source "ChessBase"]
[SourceDate "2015.12.18"]
[SourceVersion "1"]
[SourceVersionDate "2015.12.18"]
[SourceQuality "1"]
[WhiteTeam "Downend & Fishponds"]
[BlackTeam "North East England"]
[WhiteTeamCountry "ENG"]
[BlackTeamCountry "ENG"]

1. Nf3 d5 2. d4 Nf6 3. g3 Bg4 4. Bg2 c6 5. 0-0 Nbd7 6. c4 e6 7. Nc3 Bd6 8. cxd5 exd5 9. Qc2 0-0 10. a4 Re8 11. a5 Nf8 12. a6 b6 13. Nd1 Ne6 14. Be3 c5 15. dxc5 bxc5 16. Nh4 Rb8 17. Nf5 Bf8 18. f3 Bh5 19. Bf2 Bg6 20. Ra4 d4 21. g4 Nd5 22. Qd2 Bxf5 23. gxf5 Nef4 24. e4 Qg5 25. Be1 Ne3 26. Nxe3 dxe3 27. Qc2 e2 28. Rf2 Nh3+ 29. Kh1 Nxf2+ 30. Bxf2 Red8 31. Qxe2 Qc1+ 32. Bg1 Rd1 33. Qf2 Rxb2 0-1

[Event "London Classic op 6th"]
[Site "London"]
[Date "2014.12.10"]
[Round "3"]
[White "Wall, Tim"]
[Black "Makepeace, Philip"]
[Result "1-0"]
[WhiteElo "2276"]
[BlackElo "2103"]
[PlyCount "123"]
[EventDate "2014.12.08"]
[EventType "swiss"]
[EventRounds "9"]
[EventCountry "ENG"]
[SourceTitle "CBM 163 Extra"]
[Source "ChessBase"]
[SourceDate "2014.12.23"]
[SourceVersion "1"]
[SourceVersionDate "2014.12.23"]
[SourceQuality "1"]

1. e4 c6 2. d4 d5 3. f3 e6 4. Nc3 Bb4 5. a3 Bxc3+ 6. bxc3 dxe4 7. Qe2 e3 8. Qxe3 Nf6 9. Qg5 0-0 10. Bd3 Qd5 11. Ne2 Qxg5 12. Bxg5 Nbd7 13. a4 Re8 14. 0-0 b6 15. a5 Bb7 16. a6 Bc8 17. Ng3 h6 18. Bd2 Nf8 19. Rfe1 Bd7 20. Ne4 Nxe4 21. Bxe4 Nh7 22. c4 Nf6 23. Bd3 Rad8 24. Bf4 Rc8 25. Bd6 Kh8 26. g4 Rg8 27. h4 Ne8 28. Be7 Nc7 29. Kf2 b5 30. Bc5 Ra8 31. Re5 bxc4 32. Bxc4 Nd5 33. Rb1 Bc8 34. Ree1 Nc7 35. Ra1 Rd8 36. Reb1 e5 37. dxe5 Rd2+ 38. Ke3 Rxc2 39. Kd3 Rh2 40. Bd6 Nd5 41. Rb7 Rh3 42. Ke2 Rh2+ 43. Kd3 Rh3 44. Rxf7 Be6 45. Rb7 Rxf3+ 46. Kd2 Bxg4 47. Rg1 h5 48. e6 Nf6 49. Bd3 Rd8 50. e7 Rxd3+ 51. Kxd3 Rxd6+ 52. Kc4 Re6 53. Rxa7 Be2+ 54. Kc5 Bxa6 55. Rxg7 Ne8 56. Rf7 Re5+ 57. Kb6 Rb5+ 58. Kxa6 Rb8 59. Rb7 Rc8 60. Ka7 Kg8 61. Rf8+ Kg7 62. Rd7 1-0

[Event "BCF-chT3 1314 (4NCL)"]
[Site "England"]
[Date "2014.03.23"]
[Round "8.225"]
[White "Wallis, Ian J"]
[Black "Makepeace, Philip"]
[Result "0-1"]
[WhiteElo "2019"]
[BlackElo "2098"]
[PlyCount "39"]
[EventDate "2013.11.16"]
[EventType "team-swiss"]
[EventRounds "11"]
[EventCountry "ENG"]
[SourceTitle "EXT 2015"]
[Source "ChessBase"]
[SourceDate "2014.11.20"]
[SourceVersion "1"]
[SourceVersionDate "2014.11.20"]
[SourceQuality "1"]
[WhiteTeam "Anglian Avengers III"]
[BlackTeam "Bucks Juniors"]
[WhiteTeamCountry "ENG"]
[BlackTeamCountry "ENG"]

1. e4 c6 2. d4 d5 3. f3 e6 4. Nc3 Bb4 5. Bf4 dxe4 6. fxe4 Nf6 7. Qd3 Nbd7 8. Nge2 0-0 9. 0-0-0 a5 10. e5 Nd5 11. Nxd5 cxd5 12. Qg3 Kh8 13. Bg5 Be7 14. Bxe7 Qxe7 15. Nf4 b6 16. h4 f6 17. h5 Qf7 18. Ng6+ Kg8 19. Nxf8 Nxf8 20. h6 0-1